Najpopularniejsze piosenki na świecie - Statystyki

Ogólne statystyki
  • Ten quiz został rozwiązany 667 razy
  • Średni wynik to 8 z 20
Statystyki odpowiedzi
Lp. Artysta Utwór % Poprawnych
1. Luis Fonsi Despacito
83%
2. Ed Sheeran Shape Of You
77%
19. Adele Hello
58%
8. Katy Perry Roar
57%
5. Psy Gangnam Style
55%
15. Alan Walker Faded
52%
3. Wiz Khalifa See You Again
50%
7. Maroon 5 Sugar
50%
11. Taylor Swift Shake It Off
45%
10. OneRepublic Counting Stars
42%
6. Justin Bieber Sorry
39%
16. Passenger Let Her Go
37%
4. Mark Ronson f. Bruno Mars Uptown Funk
35%
13. Major Lazer f. MØ Lean On
30%
20. Taylor Swift Blank Space
29%
12. Enrique Iglesias Bailando
26%
14. Katy Perry Dark Horse
25%
18. Maroon 5 Girls Like You
24%
9. Ed Sheeran Thinking Out Loud
16%
17. Jose Balvin Mi Gente
9%
Nie znaleziono quizów pasujących do podanych kryteriów
Rozkład punktacji
Procent ludzi z każdym wynikiem
Percentyl według liczby udzielonych odpowiedzi
Twoja historia wyników
Nie rozwiązałeś tego quizu